[Event "BCF-chT2a 1920 (4NCL)"]
[Site "Daventry"]
[Date "2020.02.29"]
[Round "1.18"]
[White "Tombolis, Christopher"]
[Black "Giles, Yasmin"]
[Result "0-1"]
[WhiteElo "1878"]
[BlackElo "1885"]
[PlyCount "89"]
[EventDate "2020.01.11"]
[EventType "team-tourn"]
[EventRounds "11"]
[EventCountry "ENG"]
[SourceTitle "CBM 195 Extra"]
[Source "ChessBase"]
[SourceDate "2020.05.31"]
[SourceVersion "1"]
[SourceVersionDate "2020.05.31"]
[SourceQuality "1"]
[WhiteTeam "The ADS"]
[BlackTeam "West is Best"]
[WhiteTeamCountry "ENG"]
[BlackTeamCountry "ENG"]

1. d4 d5 2. c4 c6 3. Nf3 Nf6 4. Nc3 dxc4 5. a4 Bf5 6. e3 e6 7. Bxc4 Bb4 8. Bd2 0-0 9. 0-0 Nbd7 10. h3 Bg6 11. Qb3 a5 12. Ne2 Bxd2 13. Nxd2 Rb8 14. Nf4 e5 15. Nxg6 hxg6 16. Nf3 exd4 17. Nxd4 Ne5 18. Rfd1 Qe7 19. Rac1 Rfd8 20. Be2 Nd5 21. Qc2 Nd7 22. Bf3 Nb4 23. Qc3 Na2 24. Qxa5 Nxc1 25. Rxc1 Ne5 26. Qb6 Ra8 27. Qb3 c5 28. Qa3 Nxf3+ 29. Nxf3 b6 30. Qb3 Rd6 31. Qb5 Rad8 32. Qb3 Qf6 33. Qc2 Rd5 34. Qe4 Qxb2 35. Rb1 Qxb1+ 36. Qxb1 Rd1+ 37. Qxd1 Rxd1+ 38. Kh2 Ra1 39. Ne5 Rxa4 40. Nd7 Rb4 41. Kg3 f6 42. Kf3 Kf7 43. Nb8 c4 44. Nc6 Rb2 45. Ke4 0-1

[Event "London Chess Classic: Blitz B"]
[Site "London"]
[Date "2019.12.08"]
[Round "3"]
[White "Tombolis, Christopher"]
[Black "Caceres De la Calle, Eduardo"]
[Result "1-0"]
[WhiteElo "1655"]
[BlackElo "1575"]
[PlyCount "73"]
[EventDate "2019.12.08"]
[EventType "swiss (blitz)"]
[EventRounds "11"]
[EventCountry "ENG"]
[SourceTitle "EXT 2021"]
[Source "ChessBase"]
[SourceDate "2020.10.23"]
[SourceVersion "1"]
[SourceVersionDate "2020.10.23"]
[SourceQuality "1"]

1. d4 d5 2. c4 e6 3. Nc3 Nf6 4. Bg5 h6 5. Bh4 c6 6. e3 Bd6 7. Nf3 Nbd7 8. Rc1 b6 9. Bd3 0-0 10. 0-0 Bb7 11. cxd5 exd5 12. e4 Bf4 13. e5 Bxc1 14. Qxc1 Qc7 15. exf6 Nxf6 16. Bxf6 gxf6 17. Qxh6 Rfe8 18. Qh7+ Kf8 19. Qh8+ Ke7 20. Re1+ Kd7 21. Bf5+ Re6 22. Bxe6+ fxe6 23. Qxf6 Re8 24. Ne5+ Kc8 25. Qg6 Rh8 26. Qxe6+ Kb8 27. Qf6 Qh7 28. Nf3 a5 29. Re7 Qh5 30. Qe5+ Ka7 31. Qxh5 Rxh5 32. Ne5 Rh6 33. g4 Kb8 34. g5 Rh5 35. f4 Bc8 36. Nxc6+ Ka8 37. Ra7# 1-0

[Event "London Chess Classic: Blitz B"]
[Site "London"]
[Date "2019.12.08"]
[Round "8"]
[White "Tombolis, Christopher"]
[Black "Ozturan, Cem"]
[Result "1-0"]
[WhiteElo "1655"]
[BlackElo "1853"]
[PlyCount "31"]
[EventDate "2019.12.08"]
[EventType "swiss (blitz)"]
[EventRounds "11"]
[EventCountry "ENG"]
[SourceTitle "EXT 2021"]
[Source "ChessBase"]
[SourceDate "2020.10.23"]
[SourceVersion "1"]
[SourceVersionDate "2020.10.23"]
[SourceQuality "1"]

1. d4 Nf6 2. c4 e6 3. Nc3 Bb4 4. e3 0-0 5. Nge2 d5 6. a3 Be7 7. cxd5 exd5 8. Nf4 c6 9. Bd3 Na6 10. Bxa6 bxa6 11. 0-0 Bd6 12. Nd3 Bf5 13. f4 Re8 14. Na4 Rb8 15. Ne5 Bxe5 16. fxe5 1-0

[Event "London Classic op 11th"]
[Site "London"]
[Date "2019.12.04"]
[Round "7"]
[White "Jacobs, Robert"]
[Black "Tombolis, Christopher"]
[Result "1-0"]
[WhiteElo "1935"]
[BlackElo "1824"]
[PlyCount "69"]
[EventDate "2019.11.29"]
[EventType "swiss"]
[EventRounds "9"]
[EventCountry "ENG"]
[SourceTitle "CBM 193 Extra"]
[Source "ChessBase"]
[SourceDate "2020.01.31"]
[SourceVersion "1"]
[SourceVersionDate "2020.01.31"]
[SourceQuality "1"]

1. g3 d5 2. Bg2 Nf6 3. Nf3 e6 4. d4 Be7 5. 0-0 0-0 6. c4 dxc4 7. Qc2 a6 8. a4 Bd7 9. Qxc4 Bc6 10. Bf4 Nd5 11. Bd2 b5 12. Qc2 Nb6 13. a5 Nc4 14. Bc3 f5 15. b3 Be4 16. Qc1 Nd6 17. Nbd2 Nd7 18. Bb4 Bd5 19. Qa3 Re8 20. Rac1 Rc8 21. Rfd1 Nb7 22. Nf1 Bxb4 23. Qxb4 c5 24. dxc5 Qxa5 25. Qh4 Nf6 26. b4 Qa2 27. Ne3 Qxe2 28. Rd2 Bxf3 29. Rxe2 Bxe2 30. Bxb7 Rc7 31. c6 Bf3 32. Qf4 Rxb7 33. cxb7 Bxb7 34. Rc7 e5 35. Qg5 1-0

[Event "London Classic op 11th"]
[Site "London"]
[Date "2019.12.01"]
[Round "4"]
[White "Tombolis, Christopher"]
[Black "Semprun Martinez, Fernando M"]
[Result "0-1"]
[WhiteElo "1824"]
[BlackElo "2071"]
[PlyCount "88"]
[EventDate "2019.11.29"]
[EventType "swiss"]
[EventRounds "9"]
[EventCountry "ENG"]
[SourceTitle "CBM 193 Extra"]
[Source "ChessBase"]
[SourceDate "2020.01.31"]
[SourceVersion "1"]
[SourceVersionDate "2020.01.31"]
[SourceQuality "1"]

1. d4 Nf6 2. c4 c5 3. d5 b5 4. cxb5 a6 5. bxa6 g6 6. Nc3 Bg7 7. Nf3 0-0 8. g3 d6 9. Bg2 Nbd7 10. 0-0 Nb6 11. Nd2 Bxa6 12. Qc2 Nfd7 13. b3 Bxe2 14. Re1 Bg4 15. Bb2 Bf5 16. Nde4 Nf6 17. Nxf6+ Bxf6 18. Be4 Bxe4 19. Qxe4 Ra6 20. a4 Qa8 21. Rad1 Rc8 22. Qf3 Qb7 23. Ba1 Nd7 24. Nb5 Bxa1 25. Rxa1 Ne5 26. Qd1 c4 27. Re3 Rc5 28. bxc4 Nxc4 29. Rc3 Nb2 30. Qc2 Rxc3 31. Nxc3 Nc4 32. Rb1 Rb6 33. Rxb6 Qxb6 34. Qe4 Qb3 35. Qd4 Ne5 36. Kg2 Qa3 37. h3 h5 38. Qe3 Kg7 39. Qd4 f6 40. Qe3 Qb4 41. Kh2 h4 42. g4 g5 43. Ne2 Qxa4 44. Nd4 Qxd4 0-1

[Event "London Classic op 11th"]
[Site "London"]
[Date "2019.11.30"]
[Round "3"]
[White "Bucher, Grant"]
[Black "Tombolis, Christopher"]
[Result "1/2-1/2"]
[WhiteElo "2121"]
[BlackElo "1824"]
[PlyCount "44"]
[EventDate "2019.11.29"]
[EventType "swiss"]
[EventRounds "9"]
[EventCountry "ENG"]
[SourceTitle "CBM 193 Extra"]
[Source "ChessBase"]
[SourceDate "2020.01.31"]
[SourceVersion "1"]
[SourceVersionDate "2020.01.31"]
[SourceQuality "1"]

1. e4 c5 2. Nf3 Nc6 3. Bb5 g6 4. Bxc6 dxc6 5. d3 Bg7 6. h3 e5 7. 0-0 Qe7 8. Be3 Nf6 9. Qd2 Nd7 10. a3 a5 11. a4 b6 12. Na3 Rb8 13. Nc4 f6 14. Bh6 0-0 15. Bxg7 Kxg7 16. Nh2 Ba6 17. b3 Rfd8 18. f4 Bxc4 19. bxc4 exf4 20. Rxf4 Ne5 21. Raf1 Rf8 22. Qc3 Qd6 1/2-1/2

[Event "London Classic op 11th"]
[Site "London"]
[Date "2019.11.29"]
[Round "1"]
[White "Dong, Bao Nghia"]
[Black "Tombolis, Christopher"]
[Result "1-0"]
[WhiteElo "2217"]
[BlackElo "1824"]
[PlyCount "95"]
[EventDate "2019.11.29"]
[EventType "swiss"]
[EventRounds "9"]
[EventCountry "ENG"]
[SourceTitle "CBM 193 Extra"]
[Source "ChessBase"]
[SourceDate "2020.01.31"]
[SourceVersion "1"]
[SourceVersionDate "2020.01.31"]
[SourceQuality "1"]

1. d4 d5 2. c4 e6 3. Nc3 Nf6 4. Bg5 Be7 5. e3 0-0 6. Nf3 h6 7. Bh4 b6 8. cxd5 Nxd5 9. Nxd5 exd5 10. Bxe7 Qxe7 11. Rc1 Bg4 12. Qc2 c5 13. dxc5 Rc8 14. b4 bxc5 15. bxc5 Nd7 16. c6 Bxf3 17. gxf3 Ne5 18. c7 Nxf3+ 19. Kd1 Qb4 20. Qc3 Qa4+ 21. Rc2 d4 22. Qc6 Qxc6 23. Rxc6 dxe3 24. fxe3 Ne5 25. Rc3 Ng4 26. Ba6 Nxe3+ 27. Rxe3 Rxc7 28. Rhe1 Rd8+ 29. Bd3 Kf8 30. Ke2 Rc3 31. Rb1 Ra3 32. Bc4 Ra4 33. Bb3 Rh4 34. h3 Rb4 35. Rc1 Rb7 36. Rec3 Rdd7 37. Rc8+ Ke7 38. Ba4 Rb2+ 39. Ke3 Rd6 40. R1c7+ Kf6 41. Bb3 a5 42. Rxf7+ Kg6 43. Ra7 Rh2 44. Bc2+ Kh5 45. Rxg7 Rxh3+ 46. Kf4 Rh1 47. Rc5+ Kh4 48. Rg4+ 1-0

[Event "Gibraltar U16 op"]
[Site "Caleta"]
[Date "2019.08.16"]
[Round "2"]
[White "Tombolis, Christopher"]
[Black "Akeya Price, Robert A"]
[Result "1/2-1/2"]
[WhiteElo "1874"]
[BlackElo "1988"]
[PlyCount "34"]
[EventDate "2019.08.16"]
[EventType "swiss"]
[EventRounds "6"]
[EventCountry "GGB"]
[SourceTitle "CBM 195 Extra"]
[Source "ChessBase"]
[SourceDate "2020.05.31"]
[SourceVersion "1"]
[SourceVersionDate "2020.05.31"]
[SourceQuality "1"]

1. d4 Nf6 2. c4 e6 3. Nc3 Bb4 4. e3 0-0 5. Nge2 d5 6. a3 Bxc3+ 7. Nxc3 Nbd7 8. Bd3 dxc4 9. Bxc4 c5 10. 0-0 Nb6 11. Qd3 Qe7 12. Bb3 Rd8 13. Bc2 c4 14. Qe2 e5 15. dxe5 Qxe5 16. f4 Qc5 17. Ne4 Qe7 1/2-1/2

[Event "GBR-ch Major 106th"]
[Site "Torquay"]
[Date "2019.08.02"]
[Round "7"]
[White "Young, Daniel"]
[Black "Tombolis, Christopher"]
[Result "1/2-1/2"]
[WhiteElo "1971"]
[BlackElo "1883"]
[PlyCount "60"]
[EventDate "2019.07.27"]
[EventType "swiss"]
[EventRounds "9"]
[EventCountry "ENG"]
[SourceTitle "EXT 2020"]
[Source "ChessBase"]
[SourceDate "2019.10.17"]
[SourceVersion "1"]
[SourceVersionDate "2019.10.17"]
[SourceQuality "1"]

1. e4 c5 2. Nf3 Nc6 3. Bb5 g6 4. Bxc6 dxc6 5. d3 Bg7 6. h3 e5 7. a4 Qe7 8. a5 Nf6 9. Nbd2 Nd7 10. 0-0 Nf8 11. Nc4 f6 12. Be3 Ne6 13. c3 0-0 14. Rb1 Rd8 15. Qc2 g5 16. b4 cxb4 17. cxb4 h5 18. g4 Qf7 19. Rfd1 Qg6 20. d4 hxg4 21. hxg4 Nf4 22. Nh2 exd4 23. Rxd4 Rxd4 24. Bxd4 Be6 25. Nd6 Rd8 26. Nf5 Bxf5 27. exf5 Qe8 28. Be3 Qe5 29. Qc4+ Nd5 30. Nf3 Qb8 1/2-1/2

[Event "GBR-ch U14 106th"]
[Site "Torquay"]
[Date "2019.07.29"]
[Round "2"]
[White "Pilton Brandes, Bentley James"]
[Black "Tombolis, Christopher"]
[Result "0-1"]
[WhiteElo "1270"]
[BlackElo "1883"]
[PlyCount "70"]
[EventDate "2019.07.28"]
[EventType "swiss"]
[EventRounds "7"]
[EventCountry "ENG"]
[SourceTitle "EXT 2020"]
[Source "ChessBase"]
[SourceDate "2019.10.17"]
[SourceVersion "1"]
[SourceVersionDate "2019.10.17"]
[SourceQuality "1"]

1. d4 d5 2. Bf4 Nf6 3. Nf3 c5 4. c3 Qb6 5. Qb3 c4 6. Qxb6 axb6 7. Nbd2 Nc6 8. e3 e6 9. Be2 b5 10. 0-0 b4 11. Ne5 Bd7 12. Nxd7 Kxd7 13. Rfe1 b5 14. h3 Be7 15. Bh2 Ra7 16. a3 bxa3 17. bxa3 Rxa3 18. Rxa3 Bxa3 19. Rb1 b4 20. Ra1 bxc3 21. Rxa3 cxd2 22. Ra2 c3 23. Rc2 Ra8 24. Kh1 Ra1+ 25. Bg1 Ne4 26. f3 Ng3+ 27. Kh2 Nxe2 28. Bf2 d1Q 29. Rxe2 Qxe2 30. Kg3 c2 31. Kh4 Qxf2+ 32. g3 c1Q 33. Kg4 Qcxe3 34. Kh4 Qh6+ 35. Kg4 f5# 0-1

[Event "BCF-chT4S 1819 (4NCL)"]
[Site "England"]
[Date "2019.05.05"]
[Round "10.52"]
[White "Tombolis, Christopher"]
[Black "Wilson, Edgar"]
[Result "0-1"]
[WhiteElo "1883"]
[BlackElo "1922"]
[PlyCount "86"]
[EventDate "2018.11.17"]
[EventType "team-swiss"]
[EventRounds "11"]
[EventCountry "ENG"]
[SourceTitle "EXT 2021"]
[Source "ChessBase"]
[SourceDate "2020.10.23"]
[SourceVersion "1"]
[SourceVersionDate "2020.10.23"]
[SourceQuality "1"]
[WhiteTeam "Poisoned Pawns Next Generation"]
[BlackTeam "Oxford III"]
[WhiteTeamCountry "ENG"]
[BlackTeamCountry "ENG"]

1. d4 d5 2. c4 e6 3. Nc3 Nf6 4. Nf3 Be7 5. Bg5 h6 6. Bh4 0-0 7. e3 b6 8. cxd5 Nxd5 9. Bxe7 Qxe7 10. Nxd5 exd5 11. Rc1 Be6 12. Qc2 Rc8 13. Bd3 c5 14. 0-0 c4 15. Bh7+ Kh8 16. Bf5 Nd7 17. Rfe1 Nf6 18. Ne5 b5 19. f3 Rab8 20. e4 Bxf5 21. exf5 Qc7 22. g4 Kg8 23. h4 Nd7 24. f4 Re8 25. Qg2 Nxe5 26. fxe5 Qd7 27. Rc2 Rb6 28. Rce2 b4 29. Qf3 Qd8 30. Qg3 Rc6 31. g5 c3 32. gxh6 Rxh6 33. Rg2 g6 34. h5 Kh7 35. hxg6+ fxg6 36. bxc3 bxc3 37. fxg6+ Kg7 38. Rc1 Reh8 39. Qxc3 Rh1+ 40. Kf2 Qh4+ 41. Ke2 Qe4+ 42. Kf2 Rf8+ 43. Kg3 Qh4# 0-1

[Event "Paris ChessMates 3rd"]
[Site "Paris"]
[Date "2019.03.29"]
[Round "1.2"]
[White "Achuthan, Dylan"]
[Black "Tombolis, Christopher"]
[Result "1-0"]
[WhiteElo "1863"]
[BlackElo "1931"]
[PlyCount "139"]
[EventDate "2019.03.29"]
[EventType "team-tourn"]
[EventRounds "5"]
[EventCountry "FRA"]
[SourceTitle "CBM 189 Extra"]
[Source "ChessBase"]
[SourceDate "2019.06.03"]
[SourceVersion "1"]
[SourceVersionDate "2019.06.03"]
[SourceQuality "1"]
[WhiteTeam "Rotterdam Pathena"]
[BlackTeam "England"]
[WhiteTeamCountry "NED"]
[BlackTeamCountry "ENG"]

1. e4 c5 2. Nf3 Nc6 3. d4 cxd4 4. Nxd4 g6 5. Nc3 Bg7 6. Be3 Nf6 7. Nxc6 bxc6 8. Bc4 Qa5 9. 0-0 0-0 10. f4 d6 11. h3 Qb4 12. Qd3 Qxb2 13. Rab1 Qa3 14. Nd5 Qxd3 15. Nxe7+ Kh8 16. cxd3 Bd7 17. e5 dxe5 18. fxe5 Nh5 19. Rb7 Be6 20. Bxe6 fxe6 21. Nxc6 Rxf1+ 22. Kxf1 Rf8+ 23. Ke1 a5 24. d4 a4 25. Ra7 Ng3 26. Rxa4 Rf1+ 27. Kd2 h5 28. Nd8 Rb1 29. Kc2 Re1 30. Kd3 Rd1+ 31. Kc4 Nf5 32. Ra3 Bxe5 33. Nf7+ Kg7 34. Nxe5 Re1 35. Ra7+ Kg8 36. Bg5 Nd6+ 37. Kb4 Rb1+ 38. Ka4 Rb2 39. a3 Nb5 40. Ra8+ Kg7 41. Rc8 Nxd4 42. Rc7+ Kf8 43. Bf6 Rc2 44. Rxc2 Nxc2 45. Kb3 Ne3 46. g3 Nd5 47. Bg5 h4 48. Bxh4 Kg7 49. Bg5 Nb6 50. Be3 Nd5 51. Bd4 Kh6 52. h4 Kh5 53. a4 g5 54. hxg5 Kxg5 55. a5 Kf5 56. a6 Ke4 57. Kc4 Nc7 58. a7 Na8 59. Nd7 Kf3 60. Be5 Ke4 61. Kc5 Kd3 62. Nb6 Nxb6 63. Kxb6 Ke4 64. Bb8 Kf3 65. a8Q+ Kg4 66. Qe4+ Kh3 67. Qxe6+ Kg2 68. g4 Kh1 69. Qe2 Kg1 70. Bc7 1-0

[Event "Paris ChessMates 3rd"]
[Site "Paris"]
[Date "2019.03.29"]
[Round "2.1"]
[White "Collins, Adam"]
[Black "Tombolis, Christopher"]
[Result "1/2-1/2"]
[WhiteElo "1467"]
[BlackElo "1931"]
[PlyCount "80"]
[EventDate "2019.03.29"]
[EventType "team-tourn"]
[EventRounds "5"]
[EventCountry "FRA"]
[SourceTitle "CBM 189 Extra"]
[Source "ChessBase"]
[SourceDate "2019.06.03"]
[SourceVersion "1"]
[SourceVersionDate "2019.06.03"]
[SourceQuality "1"]
[WhiteTeam "Ireland"]
[BlackTeam "England"]
[WhiteTeamCountry "IRL"]
[BlackTeamCountry "ENG"]

1. e4 c5 2. Nf3 Nc6 3. d4 cxd4 4. Nxd4 g6 5. Be3 Bg7 6. Nc3 Nf6 7. Bc4 d6 8. f3 0-0 9. Qd2 Bd7 10. Bb3 Nxd4 11. Bxd4 a5 12. Nd5 Nxd5 13. Bxg7 Kxg7 14. Bxd5 Qc7 15. a3 Rfc8 16. Rc1 Qb6 17. c3 Bb5 18. Qf2 Qc7 19. Bb3 e6 20. Bd1 d5 21. Be2 Bxe2 22. Qxe2 Qc5 23. Qf2 Qc4 24. Qe2 dxe4 25. fxe4 a4 26. Kf2 Qc5+ 27. Qe3 Qb5 28. Rc2 Rd8 29. Rd2 Rxd2+ 30. Qxd2 Qb6+ 31. Qd4+ Qxd4+ 32. cxd4 Rc8 33. Re1 Kf8 34. Ke3 Ke7 35. Kd3 Kd6 36. Rf1 Rc7 37. g4 h6 38. Rf3 Rd7 39. Rh3 e5 40. d5 Ke7 1/2-1/2

[Event "London Classic op 10th"]
[Site "London"]
[Date "2018.12.10"]
[Round "2"]
[White "Rocco, Federico"]
[Black "Tombolis, Christopher"]
[Result "1-0"]
[WhiteElo "2244"]
[BlackElo "1898"]
[PlyCount "67"]
[EventDate "2018.12.09"]
[EventType "swiss"]
[EventRounds "9"]
[EventCountry "ENG"]
[SourceTitle "CBM 187 Extra"]
[Source "ChessBase"]
[SourceDate "2018.11.04"]
[SourceVersion "1"]
[SourceVersionDate "2018.11.04"]
[SourceQuality "1"]

1. e4 c5 2. Nf3 Nc6 3. d4 cxd4 4. Nxd4 Nf6 5. Nc3 g6 6. Nxc6 bxc6 7. e5 Nh5 8. Bc4 e6 9. 0-0 Qh4 10. Qe2 d5 11. exd6 Bxd6 12. g3 Qe7 13. Bh6 Bb7 14. Ne4 Be5 15. Rad1 Nf6 16. f4 Nxe4 17. fxe5 Qc5+ 18. Be3 Qe7 19. Qf3 Nc5 20. Bg5 Qc7 21. b4 Ba6 22. b5 Bb7 23. bxc6 h6 24. Rd7 Qxd7 25. cxd7+ Kxd7 26. Qxf7+ Kc6 27. Bxe6 Rhf8 28. Bd5+ Kb5 29. Rb1+ Ka4 30. Bb3+ Ka5 31. Qc7+ Kb5 32. c4+ Ka6 33. Qxc5 Rf1+ 34. Rxf1 1-0

[Event "Wch U14"]
[Site "Porto Carras"]
[Date "2018.10.21"]
[Round "3"]
[White "Tombolis, Christopher"]
[Black "Lopez Varela, Pablo"]
[Result "0-1"]
[WhiteElo "1882"]
[BlackElo "2172"]
[PlyCount "98"]
[EventDate "2018.10.20"]
[EventType "swiss"]
[EventRounds "11"]
[EventCountry "GRE"]
[SourceTitle "CBM 187 Extra"]
[Source "ChessBase"]
[SourceDate "2018.11.04"]
[SourceVersion "1"]
[SourceVersionDate "2018.11.04"]
[SourceQuality "1"]

1. d4 Nf6 2. c4 d6 3. Nc3 Nbd7 4. e4 e5 5. Nf3 g6 6. Be2 Bg7 7. 0-0 0-0 8. dxe5 dxe5 9. h3 c6 10. Be3 Qe7 11. Ne1 Rd8 12. Qc2 Nf8 13. Nd3 N6d7 14. Bg4 h5 15. Bxd7 Bxd7 16. f4 exf4 17. Nxf4 Ne6 18. Qf2 Nxf4 19. Qxf4 Be6 20. e5 Bf5 21. g4 Bxe5 22. Qf3 hxg4 23. hxg4 Qh4 24. Rf2 Qxg4+ 25. Qxg4 Bxg4 26. Ne4 Bf5 27. Nc5 b6 28. Na6 Rd3 29. Re1 Bg3 30. Nb4 Bxf2+ 31. Kxf2 Rd6 32. Bf4 Re6 33. Rh1 a5 34. Nd5 cxd5 35. cxd5 Re4 36. Bg5 Kg7 37. Rd1 f6 38. Be3 Rae8 39. Bxb6 Re2+ 40. Kg3 Rxb2 41. Ba7 Rxa2 42. d6 Ra3+ 43. Kf2 Rd3 44. Rxd3 Bxd3 45. Bb6 Bb5 46. Bxa5 Bd7 47. Kg3 Re5 48. Bc7 Rf5 49. Kh4 Rf3 0-1